10 Największych Miast w Grecji na Mapie - Statystyki

Ogólne statystyki
  • Ten quiz został rozwiązany 51 razy
  • Średni wynik to 4 z 10
Odpowiedzi na mapie
Odpowiedzi zakodowano w zielono-czerwonej skali na mapie do tego quizu, zgodnie z poniższymi procentami.
 
Statystyki odpowiedzi
Miasto Populacja % Poprawnych
Ateny 3,1 mln
100%
Saloniki 800k
97%
Heraklion 160k
77%
Chania 90k
32%
Patras 200k
29%
Janina 90k
26%
Larisa 150k
26%
Chalkida 80k
6%
Wolos 130k
6%
Acharnes 100k
3%
Nie znaleziono quizów pasujących do podanych kryteriów
Rozkład punktacji
Procent ludzi z każdym wynikiem
Percentyl według liczby udzielonych odpowiedzi
Twoja historia wyników
Nie rozwiązałeś tego quizu